000 00559nam a22002057a 4500
001 sjds170197
003 sjds
005 20171021123655.0
008 171021b ohu||||| |||| 00| 0 spa d
020 _a9780026870962 (pbk)
020 _a0026870967 (pbk)
040 _csjds
041 _aspa
100 1 _aLevy, Janice
245 _aAbuelito regresa a su tierra /
_cJanice Levy ; illustraciones de Alex Bloch.
260 _aColumbus, Ohio:
_bSRA,
_c1995.
300 _a24 pgs. :
_bcolor illustrations ;
_c31 cm.
700 1 _aBloch, Alex
942 _cBK
999 _c18974
_d18974